000 01326nam a2200265Ia 4500
003 Ost
005 20260416102354.0
008 260416s9999||||xx |||||||||||||| ||und||
040 _cfsecg
041 _aara
082 _a510
100 _aمحمدي، عز الدين
_eمؤلف
245 0 _aالرياضيات لطلاب السنة الأولى /
_c عز الدين محمدي
246 _aMaths
260 _aالجزائر
_bجامعة الجزائر3: كلية العلوم الإقتصادية، العلوم التجارية وعلوم التسيير
_c2018
300 _a147 ورقة
_bايضاحات
_c30 سم
504 _aمراجع ص.147
520 _aالمتتاليات و السلاسل، الدوال العددية، الدوال الدائرية و الزائدية و عكسها، التكامل و بعض طرق حسابه، المشتقات المتتالية و النشر المحدود، المعادلات التفاضلية.
653 _aالتفاضل و التكامل
653 _aالدوال الزائدية
653 _aالرياضيات
653 _aالمعادلات التفاضلية
710 _aجامعة الجزائر3: كلية العلوم الإقتصادية، العلوم التجارية وعلوم التسيير
_eناشر علمي
942 _cHANDOUT
999 _c41138
_d41138